00233nam a2200097Ia 4500008004100000100001600041245003200057260002200089942000700111999001700118190216s9999||||xx |||||||||||||| ||und|| aDuluganov M 0aRadio Tharangam Sancharanam bKerala Basha Inst cBK c39353d39353